Computer system architecture / (Record no. 3948)
[ view plain ]
| 000 -LEADER | |
|---|---|
| fixed length control field | 00745cac a22001931u 4500 |
| 008 - FIXED-LENGTH DATA ELEMENTS--GENERAL INFORMATION | |
| fixed length control field | 081117t1993 xxu||||| |||| 00| 0 eng d |
| 010 ## - LIBRARY OF CONGRESS CONTROL NUMBER | |
| LC control number | 92012094 |
| 020 ## - INTERNATIONAL STANDARD BOOK NUMBER | |
| International Standard Book Number | 0131755633 |
| 082 00 - DEWEY DECIMAL CLASSIFICATION NUMBER | |
| Classification number | 004.22 |
| Item number | MAN |
| Edition number | 22 |
| 100 1# - MAIN ENTRY--PERSONAL NAME | |
| Personal name | Mano, M. Morris, |
| 9 (RLIN) | 28168 |
| 245 10 - TITLE STATEMENT | |
| Title | Computer system architecture / |
| Statement of responsibility, etc | M. Morris Mano. |
| 250 ## - EDITION STATEMENT | |
| Edition statement | 3rd ed. |
| 260 ## - PUBLICATION, DISTRIBUTION, ETC. (IMPRINT) | |
| Place of publication, distribution, etc | Englewood Cliffs, N.J. : |
| Name of publisher, distributor, etc | Prentice Hall, |
| Date of publication, distribution, etc | c1993. |
| 300 ## - PHYSICAL DESCRIPTION | |
| Extent | xviii, 525 p. : |
| Other physical details | ill. ; |
| Dimensions | 25 cm. |
| 504 ## - BIBLIOGRAPHY, ETC. NOTE | |
| Bibliography, etc | Includes bibliographical references and index. |
| 650 #0 - SUBJECT ADDED ENTRY--TOPICAL TERM | |
| Topical term or geographic name as entry element | Computer architecture. |
| 9 (RLIN) | 28169 |
| 942 ## - ADDED ENTRY ELEMENTS (KOHA) | |
| Item type | NB - Book (Non borrowing) |
| Call number prefix | 004.22M2853 |
| Source of classification or shelving scheme | Dewey Decimal Classification |
| Withdrawn status | Item status | Damaged status | Not for loan | Home library | Current library | Shelving location | Date acquired | Source of acquisition | Total Checkouts | Total Renewals | Full call number | Barcode | Checked out | Date last seen | Date last borrowed | Koha item type | Source of classification or shelving scheme | Vendor | Cost, normal purchase price | Cost, replacement price |
|---|---|---|---|---|---|---|---|---|---|---|---|---|---|---|---|---|---|---|---|---|
| Central Library | Central Library | Lower Floor | 09/08/2007 | Purchase | 12 | 64 | 004.22 MAN | 000005087 | 18/05/2026 | 10/02/2026 | 10/02/2026 | Book - Borrowing | ||||||||
| Central Library | Central Library | Lower Floor | 09/08/2007 | Purchase | 10 | 18 | 004.22 MAN | 000005080 | 01/11/2015 | 01/10/2015 | 01/10/2015 | Book - Borrowing | ||||||||
| Central Library | Central Library | Lower Floor | 09/08/2007 | 5 | 004.22 MAN | 000000011 | 15/07/2025 | 19/10/2009 | NB - Book (Non borrowing) | Dewey Decimal Classification | 160.00 | 200.00 | ||||||||
| Central Library | Central Library | Lower Floor | 09/08/2007 | Purchase | 7 | 46 | 004.22 MAN | 000000167 | 15/07/2025 | 03/01/2019 | Book - Borrowing | |||||||||
| Central Library | Central Library | Lower Floor | 09/08/2007 | Purchase | 22 | 70 | 004.22 MAN | 000004008 | 01/02/2026 | 02/10/2025 | Book - Borrowing |